| 000 | 01050nam a2200253 i 4500 | ||
|---|---|---|---|
| 001 | 109937 | ||
| 003 | ES-MaACL | ||
| 005 | 20240514180304.0 | ||
| 007 | t| | ||
| 008 | 061121s1955 mr r ||||1| spa d | ||
| 100 | 1 |
_aMurir, Muhammad el- _946902 |
|
| 245 | 1 | 0 |
_aHistoria de los tribunales del Islam / _cpor Sidi Mohamed El Murir ; lo presenta, texto árabe con prólogo, notas, comentarios e índices, Alfredo Bustani. |
| 260 |
_aTetuán : _bEditora Marroquí, _c1955. |
||
| 300 |
_a1 v. ; _c26 cm. |
||
| 490 | 1 |
_aInstituto General Franco de Estudios e Investigación Hispano-Arabe . Sección 1ª ; _v7 |
|
| 505 | 8 | _aContiene: T. II | |
| 546 | _aTexto en árabe. | ||
| 650 | 4 |
_aTribunales musulmanes- _vHistoria. _9168524 |
|
| 700 | 1 |
_aBustani, Alfredo. _932888 |
|
| 710 | 2 |
_aInstituto General Franco de Estudios e Investigación Hispano-Árabe. _9149197 |
|
| 830 | 0 |
_aPublicaciones del Instituto General Franco de Estudios e Investigación Hispano-Árabe _v7 _9231057 |
|
| 852 |
_aES-MaACL _jP-996 |
||
| 999 |
_c109937 _d109937 |
||